| 000 | 00549nam a22001697a 4500 | ||
|---|---|---|---|
| 003 | MACL | ||
| 005 | 20260113173307.0 | ||
| 008 | 160722b xxu||||| |||| 00| 0 eng d | ||
| 040 | _cMACL | ||
| 041 | _aHindi | ||
| 082 | _a598 CHA | ||
| 100 |
_aचन्द्रा, अजय _951934 |
||
| 245 |
_aभारतीय पक्षी _cअजय चन्द्रा |
||
| 260 |
_aइलाहाबाद _bसम्पर्क प्रकाशन _c2011 |
||
| 650 |
_aजीव विज्ञान _964928 |
||
| 942 |
_2ddc _cHIN |
||
| 999 |
_c54631 _d54631 |
||